| 000 | 00974nam a2200301 i 4500 | ||
|---|---|---|---|
| 001 | 24369 | ||
| 003 | ES-MaACL | ||
| 005 | 20230906153034.0 | ||
| 007 | t| | ||
| 008 | 021217s1983 sp h ||||1| spa d | ||
| 020 | _a84-7199-242-6 | ||
| 245 | 0 | 0 |
_aAntología consultada de la joven poesía española / _c[selección de Francisco Ribes ; preliminar de Josefina Escolano]. |
| 250 | _aEd. facs. | ||
| 260 |
_aValencia : _bPrometeo, _c[1983] |
||
| 300 |
_aXXIV, 211 p. ; _c19 cm. |
||
| 490 | 1 |
_aGules ; _v13 |
|
| 500 | _aÍndice. | ||
| 504 | _aBibliografía: p. XVIII-XXIV. | ||
| 534 |
_pReprod. facs. de la 1ª ed.: _cSantander : Artes Gráf. Hnos. Bedía, 1952. |
||
| 650 | 4 |
_aPoesías españolas- _yS.XX. _916221 |
|
| 655 | 7 |
_2tgfbne _9226495 _aFacsímiles |
|
| 700 | 1 |
_aRibes, Francisco. _996805 |
|
| 700 | 1 |
_aEscolano, Josefina. _947596 |
|
| 830 | 0 |
_aGules ; _v13 _9226658 |
|
| 852 |
_aES-MaACL _jL-12674 |
||
| 942 | _2udc | ||
| 999 |
_c24369 _d24369 |
||